000 00265nam a2200109Ia 4500
008 190216s9999||||xx |||||||||||||| ||und||
100 _aWeatherburn C E
245 2 _aA First Course In Mathematical Statitics
260 _bNull
650 _aMathematics
942 _cBK
999 _c30502
_d30502